| 000 | 01012cam a2200289 a 4500 | ||
|---|---|---|---|
| 001 | 1595737 | ||
| 003 | ARRUPE | ||
| 005 | 20140910164301.0 | ||
| 008 | 940225s1994 cou b 001 0 eng | ||
| 010 | _a 94008484 | ||
| 020 | _a155587441X (pbk. : alk. paper) | ||
| 040 |
_aDLC _cDLC _dDLC |
||
| 050 | 0 | 0 |
_aJX1391 _b.G87 1994 |
| 082 | 0 | 0 |
_a327.1/01 _220 |
| 100 | 1 |
_aGurtov, Melvin. _911255 |
|
| 245 | 1 | 0 |
_aGlobal politics in the human interest / _cMel Gurtov. |
| 250 | _a3rd ed., fully rev. | ||
| 260 |
_aBoulder, Colo. : _bL. Rienner Publishers, _c1994. |
||
| 300 |
_axiii, 305 p. ; _c23 cm. |
||
| 504 | _aIncludes bibliographical references (p. 271-290) and index. | ||
| 650 | 0 |
_aInternational relations. _911256 |
|
| 650 | 0 |
_aInternational economic relations. _911257 |
|
| 650 | 0 |
_aWorld politics _y1989- _932 |
|
| 906 |
_a7 _bcbc _corignew _d1 _eocip _f19 _gy-gencatlg |
||
| 942 |
_2lcc _cMONOGRAPH |
||
| 999 |
_c120835 _d120835 |
||